Sonate: für kontrabass und klavier /
Contiene partituras.
| 第一著者: | |
|---|---|
| その他の著者: | |
| フォーマット: | 図書 |
| 言語: | Spanish English German |
| 出版事項: |
Budapest:
Editio Musica Budapest,
2006.
|
| 版: | Primera edición. |
| 主題: |
MARC
| LEADER | 00000cam a22000007i 4500 | ||
|---|---|---|---|
| 003 | Ucuenca | ||
| 005 | 20230531143023.0 | ||
| 008 | 180207b1986 hu mu||| |||| 00| 0 spa d | ||
| 024 | 2 | |a M 080-13120-6 | |
| 040 | |b spa |a UCuenca-cdrjbv |c UCuenca |e rda | ||
| 041 | 1 | |a eng |a ger | |
| 047 | |a sn | ||
| 048 | |a sd | ||
| 082 | 0 | |2 22 |a 784.183 |c 5279654 | |
| 100 | 1 | |a Beethoven, Ludwig van. |d 1770-1827 |9 75414 | |
| 245 | |a Sonate: |b für kontrabass und klavier / |c Ludwig Van Beethoven, organizado por Duka Norbert. | ||
| 250 | |a Primera edición. | ||
| 264 | 1 | |a Budapest: |b Editio Musica Budapest, |c 2006. | |
| 300 | |a 35 páginas: |b par |c 29 cm | ||
| 336 | |2 rdacontent |a texto |b txt | ||
| 337 | |2 rdamedia |a no mediado |b n | ||
| 338 | |2 rdacarrier |a volumen |b nc | ||
| 505 | 1 | |a Sonate für Kontrabass und Klavier g-Moll. | |
| 520 | 3 | |a Contiene partituras. | |
| 650 | 1 | 7 | |2 UCuenca-cdrjbv |9 126213 |a Sonata |
| 650 | 1 | 7 | |2 UCuenca-cdrjbv |9 20003 |a Beethoven |
| 700 | 1 | |a Norbert, Duka. |d 1941- |9 220575 | |
| 942 | |2 ddc |c BK |r jessicap.torres@ucuenca.edu.ec | ||
| 999 | |c 153811 |d 153811 | ||